| 000 | 01296nam a2200325 a 4500 | ||
|---|---|---|---|
| 005 | 20160727103959.0 | ||
| 008 | 270716b2007 cu ||||| |||| 00| 0 spa d | ||
| 040 |
_aCO-BoIAVH _cCO-BoIAVH |
||
| 041 | _aspa | ||
| 044 | _acu | ||
| 082 | 1 | 4 |
_a346.048 _bC65 |
| 110 | 1 | _bCentro Nacional de Seguridad Biológica | |
| 245 | 1 | 0 |
_aCompendio de legislación de seguridad biológica: _buna guía para la gestión. |
| 260 |
_aLa Habana: _bCentro Nacional de Seguridad Biológica, _c2007. |
||
| 300 | _a147 páginas. | ||
| 490 |
_aColectivo de autores _v1 |
||
| 590 | _aFirmado en la primera página por Claudia María Villa y fecha agosto 2004 | ||
| 650 | 1 | 0 |
_aSeguridad biológica _xlegislación _zCuba |
| 650 | 0 | _aDerecho de autor | |
| 700 | 1 |
_aArce Hernández, Lenia _eeditora |
|
| 700 | 1 |
_aGueche García, Francisco _eeditor |
|
| 700 | 1 |
_aMenéndez, de San Pedro López, Juan Carlos _eeditor |
|
| 700 | 1 |
_aRodríguez Dueñas, José _eeditor |
|
| 700 | 1 |
_aLa Rosa Peraza, Julia _eeditora |
|
| 700 | 1 |
_aHernández, Miguel Lorenzo _eeditor |
|
| 700 | 1 |
_aRodríguez García, Orfelina _eeditora |
|
| 700 | 1 |
_aDelfin Soto, Margarita _eeditora |
|
| 700 | 1 |
_aLópez Fumero, Gricel _eeditora |
|
| 942 |
_cLIBRO _2ddc |
||
| 999 |
_c18916 _d18916 |
||